000 00583nam a2200193Ia 4500
005 20250326140612.0
008 250326s9999 xx 000 0 und d
020 _a0-7879-5228-1
037 _aTextbook
040 _aFMSL
_beng
_cFMSL
041 _aeng
_2eng
084 _aS4obX8(A) P0
_qFMSL
100 _aKlein K J
_9742672
245 0 _aMultilevel theory, research and methods in organizations
_cKlein K J; Kozlowski S W J
260 _aNew Jersey
_bNew Jersey, Jossey-Bass
_c2000
300 _a605p
942 _cTB
_hS4obX8(A) P0
999 _c1286502
_d1286502